00771 2200253 4500001002100000005001500021020002200036035002400058040001200082082001700094084002100111090002100132100002700153245012400180250001100304260004300315300004000358504003100398650002800429850001200457990001600469990001600485990001600501YOGYA00000000010099720140823130418 a978-602-8533-21-8 0010-011400000000199 aYOPDYOG 2[22]a303.34 aCoE 303.34 Sur M aCoE 303.34 Sur M aSURYO SAKTI HADIWIJOYO aMenggugat keistimewaan Jogjakartab: tarik ulur kepentingan, konflik elit dan isu perpecahanc/ Suryo Sakti Hadiwijoyo. aCet.1. aYogyakartabPinus Book Publisherc2009 a240 hlm.b: ilus.c; 21 cm (3 eks.) aBibliografi : hlm. 225-236 aKepemimpinan-Yogyakarta aYOPDYOG a1862/B.2014 a1863/B.2014 a1864/B.2014